| 000 | 01164cam a22003613a 4500 | ||
|---|---|---|---|
| 001 | 13295429 | ||
| 003 | OSt | ||
| 005 | 20140310181654.0 | ||
| 008 | 980127s1998 nyu j 000 1 eng d | ||
| 010 | _a 2003586097 | ||
| 020 |
_a059039990X (pbk.) : _c$3.99 |
||
| 035 | _a(OCoLC)ocm38271962 | ||
| 040 |
_aIF9 _cIF9 _dSLC _dOCL _dDLC |
||
| 042 | _alccopycat | ||
| 050 | 0 | 0 |
_aPZ 7 _b.St859 1998 |
| 082 |
_aKF _bSt5gs #2 |
||
| 100 | 1 |
_aStine, R. L. _93762 |
|
| 245 | 1 | 0 |
_aBride of the living dummy / _cR.L. Stine. |
| 260 |
_aNew York : _bScholastic, _c1998. |
||
| 300 |
_a122 p. ; _c20 cm. |
||
| 490 | 1 |
_aGoosebumps series 2000 ; _v#2 |
|
| 541 | _j1 | ||
| 562 | _efor circulation. 1 copy in the collection | ||
| 650 | 0 |
_aVentriloquism _vFiction. _95252 |
|
| 650 | 0 |
_aHorror tales. _93763 |
|
| 655 | 7 |
_aHorror fiction. _2gsafd _93405 |
|
| 655 | 7 |
_aFantasy fiction. _2gsafd _93053 |
|
| 710 | 2 |
_aCopyright Paperback Collection (Library of Congress) _5DLC _9705 |
|
| 800 | 1 |
_aStine, R. L. _tGoosebumps series 2000 ; _v#2. _95253 |
|
| 906 |
_a7 _bcbc _ccopycat _d2 _encip _f20 _gy-genrareb |
||
| 942 |
_2lcc _cBK-KF _kKF |
||
| 999 |
_c1056 _d1056 |
||